| 000 | 00485 a2200145 4500 | ||
|---|---|---|---|
| 001 | 57661 | ||
| 082 | _a80289 YES | ||
| 090 |
_c35342 _d35342 |
||
| 100 | _aYes Yen Graphi Technology | ||
| 245 | _aCompressors DVD; computer based training with one page pamphlet; USB containing hardware lock; 1x CD containing driver | ||
| 260 | _aChennai India | ||
| 300 | _ewith one page pamphlet; USB containing hardware lock; 1x CD containing driver | ||
| 500 | _aCD/DVD | ||
| 505 | _aAerospace | ||
| 942 |
_aNUST-CAE _k80289 YES |
||
| 999 |
_c292734 _d292734 |
||